000 004790000a22001810004500
001 003100
003 MACL
005 20150707161725.0
008 150707b xxu||||| |||| 00| 0 eng d
040 _aMACL
_cMACL
041 _aEnglish
100 _aGiri, V. Mohini
_91307
245 _aLiving Death
_bTraima Of Widowhood In India
_cV. Mohini Giri
260 _aGyan Publishing House,
_c2002
_bNew Delhi
350 _a450
650 _aSocial Science
_91308
942 _k307
_cBK
_2ddc
999 _c15006
_d15006